| 000 | 00432cam a2200169ua 4500 | ||
|---|---|---|---|
| 041 |
_aeng _h |
||
| 082 |
_a823.308 _bSTE/TR |
||
| 100 | _aStevenson, Robet Louis. | ||
| 245 |
_aTreasure island / _cRobert Louis Stevenson. _hTextual Documents |
||
| 250 |
_a1 / _b. |
||
| 260 |
_aLondon : _bUniversity of London Press Ltd , _c1964. |
||
| 300 | _a125 ; . | ||
| 504 | _a | ||
| 942 | _cBK | ||
| 999 |
_c7585 _d7585 |
||